Culture Générale - Série 2616 - Statistiques

Statistiques générales
  • Ce quiz a été pris 138 fois
  • Le résultat moyen est 5 sur 10
Statistiques - réponses
Question Réponse % Correct
Dans quel pays vivaient les Aztèques ? Mexique
97%
Quelle est la capitale de l'Azerbaïdjan ? Bakou
72%
De quand date la loi sur l'avortement en France ? 1974
70%
Comment a-t-on appelé les 3 guerres ayant opposé Rome à Carthage en 264-241 av. J-C, puis en 218-201 av. J-C et enfin en 148-146 av. J-C ? puniques
60%
En quelle année Jacques Chirac est-il devenu maire de Paris ? 1977
59%
Complétez le dicton "Noël au balcon, Pâques au .... tison
57%
Qui a créé la Légion d'honneur ? Napoléon 1er
52%
Quel roi des Perses, né vers 550, mort en 486 avant J.-C. était surnommé "le roi des rois" ? Darius
27%
Débris de roche entraînés par un glacier et formant un grand amas. moraine
15%
Que signifie cathare en grec ? pur
11%
Aucun quiz correspondant
Distribution des résultats
% des personnes avec chaque résultat
Percentile par nombre de réponses
Votre historique - résultats
Vous n’avez pas pris ce quiz